|
|
|
|
| LEADER |
00000cam a22000004a 4500 |
| 001 |
musev2_73084 |
| 003 |
MdBmJHUP |
| 005 |
20230905051531.0 |
| 006 |
m o d |
| 007 |
cr||||||||nn|n |
| 008 |
190619t20202020nyu o 00 0 eng d |
| 010 |
|
|
|z 2019025915
|
| 020 |
|
|
|a 9781501747205
|
| 020 |
|
|
|z 9781501747199
|
| 020 |
|
|
|z 9781501747182
|
| 035 |
|
|
|a (OCoLC)1107058559
|
| 040 |
|
|
|a MdBmJHUP
|c MdBmJHUP
|
| 100 |
1 |
|
|a Hurtado-Torres, Sebastián,
|d 1982-
|e author.
|
| 245 |
1 |
4 |
|a The Gathering Storm :
|b Eduardo Frei's Revolution in Liberty and Chile's Cold War /
|c Sebastián Hurtado-Torres.
|
| 264 |
|
1 |
|a Ithaca :
|b Cornell University Press,
|c 2020.
|
| 264 |
|
3 |
|a Baltimore, Md. :
|b Project MUSE,
|c 2020
|
| 264 |
|
4 |
|c ©2020.
|
| 300 |
|
|
|a 1 online resource (270 pages).
|
| 336 |
|
|
|a text
|b txt
|2 rdacontent
|
| 337 |
|
|
|a computer
|b c
|2 rdamedia
|
| 338 |
|
|
|a online resource
|b cr
|2 rdacarrier
|
| 490 |
0 |
|
|a The United States in the world
|
| 505 |
0 |
|
|a Introduction : the United States and Chilean politics in the Cold War -- The U.S. Embassy in Santiago and the presidential election of 1964 -- Time of hope, 1964- -- Time of trouble, 1967- -- Chilean copper and U.S. companies -- The presidential candidacy of Radomiro Tomic -- The United States and the last two years of the Frei administration -- The United States and the presidential election of 1970 -- Eduardo Frei, the U.S. Embassy, and the election of Salvador Allende -- Conclusion : the influence of the United States in Chilean politics.
|
| 520 |
|
|
|a "A new interpretation of the involvement of the United States in Chilean politics in the years of Eduardo Frei's Revolution in Liberty"--
|c Provided by publisher
|
| 588 |
|
|
|a Description based on print version record.
|
| 600 |
1 |
7 |
|a Frei Montalva, Eduardo,
|d 1911-1982.
|2 fast
|0 (OCoLC)fst00008400
|
| 600 |
1 |
1 |
|a Frei Montalva, Eduardo,
|d 1911-1982.
|
| 600 |
1 |
0 |
|a Frei Montalva, Eduardo,
|d 1911-1982.
|
| 651 |
|
7 |
|a United States.
|2 fast
|0 (OCoLC)fst01204155
|
| 651 |
|
7 |
|a Chile.
|2 fast
|0 (OCoLC)fst01205362
|
| 651 |
|
6 |
|a Chili
|x Politique et gouvernement
|y 1920-1970.
|
| 651 |
|
6 |
|a Chili
|x Relations exterieures
|z États-Unis.
|
| 651 |
|
6 |
|a États-Unis
|x Relations exterieures
|z Chili.
|
| 651 |
|
0 |
|a Chile
|x Politics and government
|y 1920-1970.
|
| 651 |
|
0 |
|a Chile
|x Foreign relations
|z United States.
|
| 651 |
|
0 |
|a United States
|x Foreign relations
|z Chile.
|
| 650 |
|
7 |
|a Politics and government.
|2 fast
|0 (OCoLC)fst01919741
|
| 650 |
|
7 |
|a Diplomatic relations.
|2 fast
|0 (OCoLC)fst01907412
|
| 650 |
|
7 |
|a HISTORY
|z United States
|y 20th Century.
|2 bisacsh
|
| 655 |
|
7 |
|a Electronic books.
|2 local
|
| 710 |
2 |
|
|a Project Muse.
|e distributor
|
| 830 |
|
0 |
|a Book collections on Project MUSE.
|
| 856 |
4 |
0 |
|z Texto completo
|u https://projectmuse.uam.elogim.com/book/73084/
|
| 945 |
|
|
|a Project MUSE - Custom Collection
|
| 945 |
|
|
|a Project MUSE - 2020 Complete
|
| 945 |
|
|
|a Project MUSE - 2020 History
|
| 945 |
|
|
|a Project MUSE - 2020 Latin American and Caribbean Studies
|